000 01034nam a22002897a 4500
001 03770
003 HDC
007 cr bn ---aaaaa
008 210111t1998 nyu||||| |||| 00| 0 eng
020 _a0-203-22306-3
040 _aHDC
100 _aTöpfer, Reinhard
_eauthor
_93555
245 0 _aAgricultural Biotechnology. Chapter 7 :
_bEngineering of Crop Plants for Industrial Traits / by
_cReinhard Töpfer and Norbert Martini
260 _aNew York :
_bMARCEL DEKKER,
_c1998
300 _a21 pages
336 _atext
_2rdacontent
337 _acomputer
_2rdamedia
338 _aonline resource
_2rdacarrier
650 _aAgricultural Biotechnology
_91565
650 _aBiotechnological Approaches
_93557
650 _aIndustrial Traits
_93556
700 _aMartini, Norbert
_eauthor
_93558
856 _zRequest full-text at [email protected]
942 _2lcc
942 _cCHAP
942 _kEBCH 001692
999 _c1106
_d1106